Detalles MARC
| 000 -LEADER |
| fixed length control field |
02872nam a2200301 i 4500 |
| 005 - DATE AND TIME OF LATEST TRANSACTION |
| control field |
20250329165509.0 |
| 007 - PHYSICAL DESCRIPTION FIXED FIELD--GENERAL INFORMATION |
| fixed length control field |
ta |
| 008 - FIXED-LENGTH DATA ELEMENTS--GENERAL INFORMATION |
| fixed length control field |
180125s2022 000 0 eng d |
| 040 ## - CATALOGING SOURCE |
| Original cataloging agency |
CO-CtgCURN |
| Language of cataloging |
spa |
| Transcribing agency |
coctgcurn |
| Description conventions |
rda |
| 082 0# - DEWEY DECIMAL CLASSIFICATION NUMBER |
| Classification number |
TSI 2022 |
| Item number |
T653 |
| 100 1# - MAIN ENTRY--PERSONAL NAME |
| Personal name |
Toloza Ayala, Iván Gregorio, |
| Relator term |
author. |
| Relationship |
aut |
| 245 10 - TITLE STATEMENT |
| Title |
Desarrollo de una aplicación web para las cabinas de estética y cosmetología de la corporación universitaria Rafael Núñez / |
| Statement of responsibility, etc. |
Iván Gregorio Toloza Ayala; Adalain Donson Tovar Posada; director: Victor Veldelamar García. |
| 260 ## - PUBLICATION, DISTRIBUTION, ETC. |
| Place of publication, distribution, etc. |
Cartagena de Indias : |
| Name of publisher, distributor, etc. |
Corporación Universitaria Rafael Núñez, |
| Date of publication, distribution, etc. |
2022. |
| 260 #1 - PUBLICATION, DISTRIBUTION, ETC. |
| Place of publication, distribution, etc. |
Cartagena de Indias : : |
| Name of publisher, distributor, etc. |
Corporación Universitaria Rafael Nuñez,, |
| Date of publication, distribution, etc. |
2022. |
| 300 ## - PHYSICAL DESCRIPTION |
| Extent |
87 páginas : |
| Other physical details |
ilustraciones tablas. |
| 336 ## - CONTENT TYPE |
| Content type term |
text |
| Content type code |
txt |
| Source |
rdacontent |
| 337 ## - MEDIA TYPE |
| Media type term |
unmediated |
| Media type code |
n |
| Source |
rdamedia |
| 338 ## - CARRIER TYPE |
| Carrier type term |
volume |
| Carrier type code |
nc |
| Source |
rdacarrier |
| 502 ## - DISSERTATION NOTE |
| Dissertation note |
Trabajo de Grado. (Tecnologo en Sistemas de Informacion y Software). Corporación Universitaria Rafael Nuñez . Facultad de Ingeniería de Sistemas . Programa de Tecnología en Sistemas de Informacion y Software, 2022. |
| 520 ## - SUMMARY, ETC. |
| Summary, etc. |
"El programa de Tecnología en estética y cosmetología cuenta con pacientes a los cuales se le brindan todos sus servicios de un centro de estética (procedimientos de relajación, estética y tratamientos post operatorios). Sin embargo, no cuentan con una plataforma web que les brinde una exacta información acerca de los servicios dados y prestados. Este análisis se le realizó a la comunidad universitaria de la Facultad de ciencias de la salud de la CURN. El objetivo general fue Desarrollar e implementar un software para las cabinas de estética y cosmetología que permita el manejo de los procesos de prácticas integrales y ventas de servicios en Cartagena de Indias. La metodología utilizada fue la cuantitativa y descriptiva operando en variables como la entrevista y la observación. En ese sentido en los hallazgos se analizó que los estudiantes y la comunidad universitaria se precisaba de un sistema de información que aumentara la productividad. En las conclusiones finales al diseñar y montar en la página web el sistema de información mediante un sistema SCRUM se notó la rapidez para encontrar archivos y pacientes, lo cual mejora la productividad y servicios." |
| 650 #0 - SUBJECT ADDED ENTRY--TOPICAL TERM |
| Topical term or geographic name entry element |
Sistemas de Informacion y Software |
| Form subdivision |
Tesis y Disertaciones Academicas. |
| 700 1# - ADDED ENTRY--PERSONAL NAME |
| Personal name |
Tovar Posada, Adalain Donson. |
| 700 1# - ADDED ENTRY--PERSONAL NAME |
| Personal name |
Valdelamar García, Victor, |
| Titles and other words associated with a name |
director. |
| 856 7# - ELECTRONIC LOCATION AND ACCESS |
| Uniform Resource Identifier |
<a href="https://unicurn.sharepoint.com/:b:/s/biblioteca/EYqy5P5wxPdKknMDoR5uzpgBMBdDr6uuN8u8GXkZQ_jDnQ?e=7qWZjl">https://unicurn.sharepoint.com/:b:/s/biblioteca/EYqy5P5wxPdKknMDoR5uzpgBMBdDr6uuN8u8GXkZQ_jDnQ?e=7qWZjl</a> |
| Public note |
Aqui el texto completo del recurso |
| 856 ## - ELECTRONIC LOCATION AND ACCESS |
| Public note |
el codigo fuente con restricciones en el repositorio |
| 942 ## - ADDED ENTRY ELEMENTS (KOHA) |
| Source of classification or shelving scheme |
Dewey Decimal Classification |
| Institution code [OBSOLETE] |
MHC |
| -- |
MHC |
| Koha item type |
Trabajos de grado |
| Classification part |
TSI 2022 |
| Item part |
T653 |